Countries with the Lowest Minimum Elevation - Statistics

General Stats
  • This quiz has been taken 20 times
  • The average score is 14 of 20
Answer Stats
Continent Meters Feet Answer % Correct
Asia -440 -1,444 Israel
95%
Asia -440 -1,444 Jordan
90%
North America -85.5 -281 United States of America
90%
South America -105 -344 Argentina
80%
Asia -154 -505 China
80%
South America -40 -131 Peru
80%
Asia -28 -92 Russia
80%
Africa -45 -148 Algeria
75%
Africa -133 -436 Egypt
75%
Asia -28 -92 Iran
75%
Asia -134 -440 Kazakhstan
75%
Africa -55 -180 Libya
75%
North America -47 -154 Dominican Republic
70%
Africa -55 -180 Morocco
65%
Africa -125 -410 Ethiopia
60%
Asia -34 -112 Azerbaijan
55%
Asia -214 -702 Syria
55%
Asia -81 -266 Turkmenistan
55%
Africa -155 -509 Djibouti
50%
Africa -75 -246 Eritrea
50%
No matching quizzes found
Score Distribution
Percent of People with Each Score
Percentile by Number Answered
Your Score History
You have not taken this quiz